| 000 | 00415nam a22001697a 4500 | ||
|---|---|---|---|
| 003 | MPLRDC | ||
| 005 | 20220104163023.0 | ||
| 008 | 210129b ||||| |||| 00| 0 eng d | ||
| 020 | _a0-13-724997-7 | ||
| 082 | _a494.07 HILL | ||
| 100 | _aTERRY HILL | ||
| 245 |
_aPRODUCTION/OPERATIONS MANAGEMENT _c |
||
| 260 |
_a _bPRENTICE HALL INTERNATIONAL _c1983 |
||
| 300 | _b平 | ||
| 650 | _a | ||
| 942 |
_cBK _o494.07 HILL |
||
| 999 |
_c56258 _d56248 |
||